| 000 | 00560nam a2200181Ia 4500 | ||
|---|---|---|---|
| 008 | 100917s9999 xx 000 0 und d | ||
| 082 | _b10769 | ||
| 100 | _aजोशी श्रीपाद | ||
| 245 | _aभारत भ्रमण भा. 4 था. | ||
| 260 |
_bढवळे प्रकाशन _c1969 |
||
| 300 | _a109 | ||
| 365 | _b2.5 | ||
| 520 | _aप्रवास | ||
| 630 | _aभारत भ्रमण भा. 4 था. | ||
| 650 | _aप्रवास | ||
| 730 | _aभारत भ्रमण भा. 4 था. | ||
| 942 | _cBOOK | ||
| 999 |
_c616163 _d616160 |
||